000 00914nac a22002657a 4500
001 BR9900038
003 BR-BrBNA
005 20240105122140.0
008 230509b bl.|||m| |||| 00| 0 por d
040 _aBR-BrBNA
_bpor
_cBiblioteca Nacional de Agricultura
072 _aF01
090 _aF01 BR9900038
100 1 _aValentim, J.F.
110 1 _aCentro de Pesquisa Agroflorestal do Acre, Rio Branco (Brasil)
245 1 _aPotencial forrageiro de acessos de Arachis sp. nas condicoes ambientais do Estado do Acre
260 3 _aRio Branco, AC (Brasil):
_c1996.
300 _a28 p.
490 _aBoletim de Pesquisa - Centro de Pesquisa Agroflorestal do Acre (Brazil)
_vno. 10
_xISSN 0101-0565
500 _aSummaries (En, Pt); 8 tables; 31 ref.
650 _aLeguminosa Tropical
650 _aRendimento
650 _aAcre
909 _a202312
_bLúcia Elande
_c55
_dLúcia Elande
942 _2AGRIS
_n0
_cMS
999 _c289470
_d289470